000 00594nam a2200241Ia 4500
003 OSt
005 20221007071419.0
006 a|||||r|||| 00| 0
007 ta
008 221006b |||||||| |||| 00| 0 eng d
024 _a13,712
037 _cTextual
040 _aFLL
_cFLL
_beng
041 _2eng
_aeng
082 _aW:26, L0
100 _aJackson P.W.
_992164
245 0 _aLocal government
250 _a2nd
260 _aLondon
_bButterworths London
_c1970
300 _a251p
_ccm.
942 _hW:26, L0
_cTEXL
_2CC
999 _c1143293
_d1143293